| 000 | 00525nam a22001457a 4500 | ||
|---|---|---|---|
| 005 | 20260113105619.0 | ||
| 020 | _a9783031593017 | ||
| 100 |
_aMeissner, Udo F _97792 |
||
| 245 |
_aTensor calculus with object oriented matrices for numerical methods in mechanics and engineering: _bfundamentals and functions for tensor/matrix algorithms of the finite element method |
||
| 260 |
_aSwitzerland _bSpringer _c2025 |
||
| 300 | _ax+234 | ||
| 650 |
_aNumerical Algorithms _97793 |
||
| 650 |
_aSoftware design _97794 |
||
| 942 |
_2ddc _cBK |
||
| 999 |
_c755002 _d755002 |
||